[Dov Levin and Zvie A. Brown: The Story of an Underground]

Titel: [Dov Levin and Zvie A. Brown: The Story of an Underground] / Peter Kenez
Verfasser:
In: Holocaust and genocide studies, Band 30, Heft 2 (2016), Seite 351-353
alle Artikel anzeigen
Veröffentlicht: 2016
Format: Aufsatz
Sprache: Englisch
Schlagworte:
Kein Bild verfügbar
X
alg: 43253892
001A    $03025:13-06-18 
001B    $01999:27-07-21 $t17:20:39.000 
001C    $03025:13-06-18 $t11:09:11.000 
001D    $03025:13-06-18 
001U    $0utf8 
001X    $00 
002@    $0Oou 
002C    $aText $btxt $2rdacontent 
002D    $aComputermedien $bc $2rdamedia 
002E    $aOnline-Ressource $bcr $2rdacarrier 
003@    $0432538925 
004P    $010.1093/hgs/dcw035 
007A    $0432538925 $aHEB 
010@    $aeng 
010E    $erda 
011@    $a2016 
013D    $#Newspapers Sections, columns, etc. Reviews $#Book reviewing $#Journaux Cahiers, chroniques, etc. Comptes rendus $#Livres Recension $#Rezension $#Buchbesprechung $#Buchrezension $#Buchkritik $74049712-4 $8Rezension [Ts1] $9085138568 
021A    $a[Dov Levin and Zvie A. Brown: The Story of an Underground] $hPeter Kenez 
028A    $BVerfasser $#Kenéz, Péter $4aut $7119355701 $8Kenez, Peter$Z1937- [Tp1] $9087695499 
031A    $d30 $e2 $h351-353 $j2016 
039B    $aEnthalten in $8--Obvc--. Holocaust and genocide studies. - Oxford {[u.a.] : Oxford Univ. Press, 1986-. - Online-Ressource. - ISSN 1476-7937 $x201600000300002649 $910488908X 
039T    $8--Aau--Leṿin, Dov$Z1925-2016 [Tp3]. Story of an underground. - Jerusalem : Gefen, 2014. - 512 Seiten. - Illustrationen. - ISBN 978-965-229-616-0 $9336637950 
045F    $a900.94793 $eDDC23BSB 
045F/01 $a900 
045F/03 $g4793 
045T    $aROM $qDE-5 $2FID 
045T    $aROM $qDE-18 $2FID 
045T    $aJUDAICA $qDE-30 $2FID 
045T    $aINTRECHT $qDE-1a $2FID 
045T    $aKRIM $qDE-21 $2FID 
045T    $a2,1 

lok: 43253892 78

exp: 43253892 78 1 #EPN
201B/01 $013-06-18 $t11:10:29.000 
201C/01 $013-06-18 
201U/01 $0utf8 
203@/01 $01023529068 
204P/01 $010.1093/hgs/dcw035 
208@/01 $a13-06-18 $be 
209A/01 $a/ $f000 $x00 
209A/01 $ab*p $x01 
220C/01 $apgar 
244Z/01 $#Litauen $#Litauen $#Lithuania $#Lietuvos Respublika $#République Lithuanienne $#Lithuanie $#Litva 1918 - 1940, 1991, 9 - $#Litovskaja Respublika $#Lithuania 1918 - 1940, 1991, 9 - $#Republik Litauen $#Republic of Lithuania $#Lithuanian Republic $#Litauische Republik $#Lietuva $74074266-0 $8--Tg1--Litauen $x01 $9085209074 
247C/01 $82080>Marburg/Lahn, Herder-Institut, Forschungsbibliothek, Bibliographieportal $9336309341
LEADER 00000caa a2200000 c 4500
001 432538925
003 DE-603
005 20210727172039.0
007 cr||||||||||||
008 180613s2016 xx |||| o| u00||u|eng c
024 7 |a 10.1093/hgs/dcw035  |2 doi 
035 |a (DE-599)HEB432538925 
040 |a DE-603  |b ger  |c DE-603  |d DE-603  |e rda 
041 |a eng 
082 0 4 |8 1\u  |a 900.94793  |q DE-101  |2 23/BSB 
084 |a ROM  |q DE-5  |2 fid 
084 |a ROM  |q DE-18  |2 fid 
084 |a JUDAICA  |q DE-30  |2 fid 
084 |a INTRECHT  |q DE-1a  |2 fid 
084 |a KRIM  |q DE-21  |2 fid 
084 |a 2,1  |2 ssgn 
085 |8 1\u  |b 900 
085 |8 1\u  |z 2  |s 4793 
100 1 |a Kenez, Peter  |d 1937-  |e Verfasser  |4 aut  |0 (DE-603)087695499  |0 (DE-588)119355701  |2 gnd 
245 0 0 |a [Dov Levin and Zvie A. Brown: The Story of an Underground]  |c Peter Kenez 
264 0 |c 2016 
336 |a Text  |b txt  |2 rdacontent 
337 |a Computermedien  |b c  |2 rdamedia 
338 |a Online-Ressource  |b cr  |2 rdacarrier 
655 7 |a Rezension  |2 gnd-content  |0 (DE-588)4049712-4  |0 (DE-603)085138568 
773 0 8 |i Enthalten in  |t Holocaust and genocide studies  |d Oxford ˜[u.a.] œ: Oxford Univ. Press, 1986-  |h Online-Ressource  |x 1476-7937  |g Band 30, Heft 2 (2016), Seite 351-353  |w (DE-603)10488908X  |w (DE-600)2079719-9 
787 0 8 |i Rezension von  |a Leṿin, Dov, 1925-2016  |t Story of an underground  |d Jerusalem : Gefen, 2014  |h 512 Seiten, Illustrationen  |z 9789652296160  |w (DE-603)336637950 
924 1 |9 2080  |a (DE-603)1023529068  |b DE-2080  |c HES  |d d  |g /